000 01036nas a2200337 4500
001 BR2012009054
003 BR-BrBNA
005 20231205121602.0
007 ta
008 230509b bl.|||p| |||| 00| 00por d
040 _aBR-BrBNA
_bpor
_cBiblioteca Nacional de Agricultura
041 _a(Pt)
072 _aL70
100 1 _aRissi, D.R.
100 1 _aPierezan, F.
100 1 _aOliveira Filho, J.C.
100 1 _aFighera, R.A.
100 1 _aIrigoyen, L.F.
100 1 _aKommers, G.D.
100 1 _aBarros, C.S.L.
245 1 _aDoenças de ovinos da região Central do Rio Grande do Sul: 361 casos
246 1 _aDiseases of sheep from central Rio Grande do Sul State, Brazil: 361 cases
650 _aVETERINÁRIA
650 _aLEVANTAMENTO
650 _aOVINO
650 _aDOENÇA ANIMAL
650 _aRIO GRANDE DO SUL
773 0 _tPesquisa Veterinária Brasileira (Brazil)
_xISSN 0100-736X
_g(Jan 2010), v. 30(1) p. 21-28
_wBR2012009054
909 _a202311
_bLúcia
_c55
_dLúcia Elande
942 _2AGRIS
_n0
_cANA
999 _c224251
_d224251